[Event "GER-chT U16"]
[Site "Dittrichshuette"]
[Date "2004.12.27"]
[Round "1"]
[White "Sennholz, Michael"]
[Black "Wapenhans, Alexander"]
[Result "0-1"]
[WhiteElo "1572"]
[BlackElo "1734"]
[PlyCount "66"]
[EventDate "2004.12.27"]
[EventType "team"]
[EventRounds "6"]
[EventCountry "GER"]
[SourceTitle "EXT 2006"]
[Source "ChessBase"]
[SourceDate "2005.11.24"]
[SourceVersion "1"]
[SourceVersionDate "2005.11.24"]
[SourceQuality "1"]

1. e4 c5 2. Nf3 Nc6 3. d4 cxd4 4. Nxd4 g6 5. Nc3 Bg7 6. Be3 Nf6 7. Qd2 0-0 8. Nxc6 bxc6 9. Be2 Qc7 10. g4 d5 11. f3 Rb8 12. g5 Nd7 13. exd5 Rxb2 14. dxc6 Qxc6 15. Bd4 e5 16. Bxa7 e4 17. Bd4 exf3 18. Bb5 Rxb5 19. Nxb5 Re8+ 20. Kd1 Qxb5 21. Bxg7 Kxg7 22. h4 Qb2 23. Rc1 Re4 24. c3 Qxd2+ 25. Kxd2 Re2+ 26. Kd3 Ne5+ 27. Kd4 f2 28. Rhf1 Re1 29. Kd5 Be6+ 30. Kd6 Nc4+ 31. Kc5 Rxc1 32. Rxc1 Nd2 33. Kb6 Bxa2 0-1

[Event "GER-chT North U16"]
[Site "Syke"]
[Date "2004.09.17"]
[Round "3.4"]
[White "Wapenhans, Alexander"]
[Black "Burmeister, Kai"]
[Result "0-1"]
[WhiteElo "1718"]
[BlackElo "1476"]
[PlyCount "62"]
[EventDate "2004.09.16"]
[EventType "team-swiss"]
[EventRounds "7"]
[EventCountry "GER"]
[SourceTitle "EXT 2006"]
[Source "ChessBase"]
[SourceDate "2005.11.24"]
[SourceVersion "1"]
[SourceVersionDate "2005.11.24"]
[SourceQuality "1"]

1. e4 d6 2. d4 Nf6 3. Nc3 g6 4. Bc4 Bg7 5. Be3 0-0 6. Qd2 c6 7. 0-0-0 b5 8. Bb3 a5 9. a4 b4 10. Na2 Nxe4 11. Qe1 Qc7 12. f3 Nf6 13. Kb1 Bb7 14. Ne2 Na6 15. Nf4 Rfe8 16. h4 c5 17. dxc5 Nxc5 18. Bxc5 dxc5 19. Nd5 Nxd5 20. Bxd5 Bxd5 21. Rxd5 Rad8 22. Rxd8 Rxd8 23. c3 Qd6 24. Qe3 e6 25. Kc2 b3+ 26. Kxb3 Qd5+ 27. c4 Rb8+ 28. Kc2 Rxb2+ 29. Kc1 Qxc4+ 30. Nc3 Bxc3 31. Qe4 Qa2 0-1

[Event "GER-ch U14"]
[Site "Willingen"]
[Date "2004.06.01"]
[Round "6"]
[White "Zehnter, Sebastian"]
[Black "Wapenhans, Alexander"]
[Result "1-0"]
[WhiteElo "1987"]
[BlackElo "1655"]
[PlyCount "81"]
[EventDate "2004.06.??"]
[EventType "swiss"]
[EventRounds "9"]
[EventCountry "GER"]
[SourceTitle "EXT 2005"]
[Source "ChessBase"]
[SourceDate "2004.11.15"]
[SourceVersion "1"]
[SourceVersionDate "2004.11.15"]
[SourceQuality "1"]

1. e4 d5 2. exd5 Qxd5 3. Nc3 Qa5 4. d4 c6 5. Bc4 Bf5 6. Bd2 e6 7. d5 cxd5 8. Nxd5 Qd8 9. Qe2 Nf6 10. Nxf6+ Qxf6 11. 0-0-0 Nc6 12. Bc3 Qg6 13. Nf3 Be7 14. Bb5 0-0 15. Bxc6 bxc6 16. Ne5 Qg5+ 17. Kb1 Bf6 18. f3 h5 19. g3 Bxe5 20. Bxe5 f6 21. h4 Qg6 22. Bd6 Rfd8 23. Rhg1 e5 24. g4 hxg4 25. fxg4 Be6 26. g5 fxg5 27. Rxg5 Bxa2+ 28. Ka1 Qe6 29. Bxe5 Rxd1+ 30. Qxd1 g6 31. h5 Kf8 32. hxg6 Bd5 33. Qh5 Rd8 34. Qh8+ Qg8 35. Qf6+ Ke8 36. Bd6 Qe6 37. Re5 Rxd6 38. g7 Kd7 39. Rxe6 Rxe6 40. Qf5 Kd6 41. Qxd5+ 1-0

[Event "Greifswald op"]
[Site "Greifswald"]
[Date "2003.08.29"]
[Round "3"]
[White "Reich, Christian"]
[Black "Wapenhans, Alexander"]
[Result "1/2-1/2"]
[WhiteElo "1427"]
[BlackElo "1707"]
[PlyCount "61"]
[EventDate "2003.08.??"]
[EventType "swiss"]
[EventRounds "7"]
[EventCountry "GER"]
[SourceTitle "EXT 2005"]
[Source "ChessBase"]
[SourceDate "2004.11.15"]
[SourceVersion "1"]
[SourceVersionDate "2004.11.15"]
[SourceQuality "1"]

1. e4 d5 2. exd5 Qxd5 3. Nc3 Qa5 4. d4 c6 5. Nf3 Nf6 6. h3 Bf5 7. Bd3 Bxd3 8. Qxd3 e6 9. a3 Be7 10. 0-0 0-0 11. Ne4 Nbd7 12. Nxf6+ Nxf6 13. Be3 Rfd8 14. Qd2 Qxd2 15. Bxd2 Ne4 16. Be3 Bf6 17. c3 Rd5 18. Rfe1 Rad8 19. Rac1 R5d7 20. Bf4 Nd6 21. b3 h6 22. Ne5 Bxe5 23. Bxe5 f6 24. Bxd6 Rxd6 25. a4 Kf7 26. g4 Kg6 27. Kg2 h5 28. Kg3 hxg4 29. hxg4 Rh8 30. f4 Kf7 31. Re3 1/2-1/2

[Event "GER-chT U12"]
[Site "Verden an der Aller"]
[Date "2002.12.28"]
[Round "4.1"]
[White "Winkelmann, Elena"]
[Black "Wapenhans, Alexander"]
[Result "1/2-1/2"]
[WhiteElo "1673"]
[BlackElo "1647"]
[PlyCount "103"]
[EventDate "2002.12.27"]
[EventType "team"]
[EventRounds "7"]
[EventCountry "GER"]
[SourceTitle "CBM 092 Extra"]
[Source "ChessBase"]
[SourceDate "2003.03.07"]
[SourceVersion "1"]
[SourceVersionDate "2003.03.07"]
[SourceQuality "1"]

1. d4 d5 2. c4 Nc6 3. cxd5 Qxd5 4. e3 e5 5. Nc3 Bb4 6. Bd2 Bxc3 7. Bxc3 exd4 8. Ne2 Nge7 9. Nxd4 Nxd4 10. Bxd4 0-0 11. Qc2 Be6 12. a3 Nc6 13. Bc3 Rfd8 14. Rd1 Qxd1+ 15. Qxd1 Rxd1+ 16. Kxd1 Bb3+ 17. Kc1 Rd8 18. Be2 f6 19. Bd1 Bxd1 20. Rxd1 Rxd1+ 21. Kxd1 Kf7 22. Kd2 Ke6 23. Kd3 Ne5+ 24. Ke2 c5 25. f3 b5 26. h3 Nc6 27. Kd3 a5 28. b3 Ne5+ 29. Kc2 Nc6 30. Bb2 Ne5 31. Bxe5 Kxe5 32. Kd3 Kd5 33. e4+ Ke5 34. a4 bxa4 35. bxa4 Kf4 36. Kc4 Kg3 37. Kxc5 Kxg2 38. Kb5 Kxh3 39. Kxa5 Kg3 40. Kb6 h5 41. a5 h4 42. a6 h3 43. a7 h2 44. a8Q h1Q 45. Qb8+ Kxf3 46. Kc6 Qc1+ 47. Kd7 Kxe4 48. Qb7+ Ke3 49. Qb6+ Ke2 50. Qb5+ Ke1 51. Ke7 Qc7+ 52. Kf8 1/2-1/2

[Event "GER-chT U12"]
[Site "Verden an der Aller"]
[Date "2002.12.27"]
[Round "1.1"]
[White "Wapenhans, Alexander"]
[Black "Schwenke, Vincent"]
[Result "1-0"]
[WhiteElo "1670"]
[BlackElo "1427"]
[PlyCount "157"]
[EventDate "2002.12.27"]
[EventType "team"]
[EventRounds "7"]
[EventCountry "GER"]
[SourceTitle "CBM 092 Extra"]
[Source "ChessBase"]
[SourceDate "2003.03.07"]
[SourceVersion "1"]
[SourceVersionDate "2003.03.07"]
[SourceQuality "1"]

1. e4 c6 2. d4 d5 3. exd5 cxd5 4. c4 Nf6 5. Nc3 Nc6 6. cxd5 Nxd5 7. Bc4 Be6 8. Bb3 g6 9. Nf3 Bg7 10. 0-0 Qa5 11. Bd2 Qd8 12. Bg5 h6 13. Bc1 Rc8 14. Bxd5 Bxd5 15. Nxd5 Qxd5 16. Be3 Rd8 17. Qa4 0-0 18. Rfd1 Rd6 19. Rd2 Rfd8 20. Rad1 g5 21. h3 f5 22. Rd3 f4 23. Bd2 e5 24. Rb3 e4 25. Ne1 Qxd4 26. Qb5 Qb6 27. Qc4+ Kh8 28. Rxb6 axb6 29. Qe2 Bxb2 30. Nc2 Be5 31. Na3 Rd5 32. Nb1 Kg7 33. Nc3 Rd3 34. Nxe4 Na5 35. Rc1 Nc6 36. Bc3 Bxc3 37. Rxc3 Rd1+ 38. Kh2 R8d7 39. Qb2 Kf7 40. Qb3+ Kf8 41. Qxb6 Kg7 42. Nc5 Re7 43. Qb2 Kf8 44. Nxb7 Ree1 45. g4 Rh1+ 46. Kg2 Rhg1+ 47. Kf3 Nd4+ 48. Ke4 Rge1+ 49. Kd5 Nb5+ 50. Kc4 Nxc3 51. Kxc3 Rc1+ 52. Kd4 Rcd1+ 53. Kc5 Rc1+ 54. Kd5 Rcd1+ 55. Kc6 Rc1+ 56. Nc5 Kf7 57. a4 Re6+ 58. Kb5 Ree1 59. Qb3+ Ke7 60. Qd3 Rb1+ 61. Kc6 Red1 62. Qh7+ Kf6 63. Qxh6+ Kf7 64. Qe6+ Kg7 65. Qe7+ Kg6 66. Qe8+ Kf6 67. Nd7+ Kg7 68. Qf8+ Kg6 69. Qf6+ Kh7 70. Qf7+ Kh6 71. Qh5+ Kg7 72. Qxg5+ Kf7 73. Qf6+ Kg8 74. Qg6+ Kh8 75. Qh6+ Kg8 76. Qxf4 Rdc1+ 77. Kd6 Rd1+ 78. Ke7 Re1+ 79. Kd8 1-0

[Event "Greifswald Ryck op"]
[Site "Greifswald"]
[Date "2002.08.25"]
[Round "7"]
[White "Witt, Ronald"]
[Black "Wapenhans, Alexander"]
[Result "1-0"]
[WhiteElo "2071"]
[BlackElo "1542"]
[PlyCount "69"]
[EventDate "2002.08.??"]
[EventType "swiss"]
[EventRounds "7"]
[EventCountry "GER"]
[SourceTitle "EXT 2005"]
[Source "ChessBase"]
[SourceDate "2004.11.15"]
[SourceVersion "1"]
[SourceVersionDate "2004.11.15"]
[SourceQuality "1"]

1. e4 d5 2. exd5 Qxd5 3. Nc3 Qa5 4. g3 Nf6 5. Bg2 Bg4 6. Nge2 c6 7. 0-0 e6 8. d3 Nbd7 9. h3 Bh5 10. Qe1 Qc7 11. Nf4 Bg6 12. Be3 Bd6 13. a4 Nb6 14. a5 Nbd5 15. Nfxd5 Nxd5 16. Nxd5 cxd5 17. Bd4 0-0 18. Qc3 Qxc3 19. bxc3 Bc7 20. c4 dxc4 21. dxc4 Rfd8 22. Be3 Bxc2 23. Bxb7 Rab8 24. a6 Be5 25. Bxa7 Bxa1 26. Bxb8 Bd4 27. Bf4 e5 28. Be3 g6 29. Bxd4 exd4 30. a7 d3 31. a8Q Rxa8 32. Bxa8 d2 33. Bf3 Kf8 34. Ra1 Ke7 35. Bd1 1-0

[Event "GER-ch U12"]
[Site "Winterberg"]
[Date "2002.05.23"]
[Round "8"]
[White "Wapenhans, Alexander"]
[Black "Mischke, Daniel"]
[Result "1-0"]
[WhiteElo "1507"]
[BlackElo "1286"]
[PlyCount "85"]
[EventDate "2002.05.19"]
[EventType "swiss"]
[EventRounds "11"]
[EventCountry "GER"]
[SourceTitle "CBM 088 Extra"]
[Source "ChessBase"]
[SourceDate "2002.07.01"]
[SourceVersion "2"]
[SourceVersionDate "2002.07.01"]
[SourceQuality "1"]

1. e4 Nf6 2. Nc3 d5 3. exd5 Nxd5 4. Bc4 Nxc3 5. Qf3 e6 6. Qxc3 Nc6 7. Nf3 Qd6 8. 0-0 Bd7 9. a3 Rg8 10. d3 g6 11. Bg5 Bg7 12. Bf6 Bxf6 13. Qxf6 Qe7 14. Qxe7+ Nxe7 15. Ne5 Rg7 16. Rfe1 0-0-0 17. Rad1 Nc6 18. Nxc6 Bxc6 19. d4 h5 20. f3 Kd7 21. d5 exd5 22. Bxd5 Bxd5 23. Rxd5+ Kc8 24. Red1 Rgg8 25. Kf2 Rxd5 26. Rxd5 Rd8 27. Rxd8+ Kxd8 28. g4 Ke7 29. gxh5 gxh5 30. Kg3 Kf6 31. Kf4 c6 32. b4 b5 33. c3 a6 34. h4 Ke6 35. Kg5 f5 36. Kxh5 Kf6 37. f4 Kg7 38. Kg5 Kh7 39. Kxf5 Kh6 40. Ke4 Kh5 41. f5 Kxh4 42. f6 Kg5 43. f7 1-0

[Event "GER-ch U12"]
[Site "Winterberg"]
[Date "2002.??.??"]
[Round "1"]
[White "Weber, Kristina"]
[Black "Wapenhans, Alexander"]
[Result "0-1"]
[WhiteElo "1209"]
[BlackElo "1507"]
[PlyCount "82"]
[EventDate "2002.05.19"]
[EventType "swiss"]
[EventRounds "11"]
[EventCountry "GER"]
[SourceTitle "CBM 088 Extra"]
[Source "ChessBase"]
[SourceDate "2002.07.01"]
[SourceVersion "2"]
[SourceVersionDate "2002.07.01"]
[SourceQuality "1"]

1. e4 d5 2. exd5 Qxd5 3. Nc3 Qa5 4. Nf3 Nf6 5. d4 c6 6. Bd3 Bg4 7. 0-0 e6 8. h3 Bh5 9. Bf4 Be7 10. a3 Nd5 11. Nxd5 Qxd5 12. c4 Bxf3 13. cxd5 Bxd1 14. Raxd1 cxd5 15. Bb5+ Nc6 16. Rc1 Kd7 17. Rc3 Rac8 18. Rfc1 Bd6 19. Bxc6+ Rxc6 20. Bxd6 Kxd6 21. b4 Rhc8 22. Rc5 b6 23. Rxc6+ Rxc6 24. Rxc6+ Kxc6 25. a4 e5 26. dxe5 a5 27. bxa5 bxa5 28. Kf1 Kc5 29. Ke2 Kb4 30. Kd3 Kxa4 31. Kc3 Kb5 32. Kb3 a4+ 33. Kb2 Kb4 34. f4 a3+ 35. Ka2 d4 36. f5 d3 37. e6 fxe6 38. fxe6 d2 39. e7 d1Q 40. e8Q Qc2+ 41. Ka1 Qb2# 0-1